Земля потомков Ермака: Сибирь в русской лирике

Detalles Bibliográficos
Otros Autores: Иоффе Л. В. (составитель)
Lenguaje:ruso
Publicado: Иркутск, Восточно-Сибирское кн. изд-во, 1982
Materias:
Formato: Libro
KOHA link:https://koha.lib.tpu.ru/cgi-bin/koha/opac-detail.pl?biblionumber=318941

MARC

LEADER 00000nam0a2200000 4500
001 318941
005 20231102003129.0
035 |a (RuTPU)RU\TPU\book\344446 
090 |a 318941 
100 |a 20160513d1982 m y0rusy50 ca 
101 0 |a rus 
102 |a RU 
105 |a a z 000gy 
200 1 |a Земля потомков Ермака: Сибирь в русской лирике  |f сост. Л. В. Иоффе 
210 |a Иркутск  |c Восточно-Сибирское кн. изд-во  |d 1982 
215 |a 256 с.  |c ил. 
606 1 |a Русская литература современная  |2 stltpush  |3 (RuTPU)RU\TPU\subj\26373  |9 50316 
610 1 |a русская поэзия 
610 1 |a лирика 
610 1 |a Сибирь 
610 1 |a сибиряки 
675 |a Р2  |v 4 
702 1 |a Иоффе  |b Л. В.  |4 220 
801 1 |a RU  |b 63413507  |c 20160513 
801 2 |a RU  |b 63413507  |c 20201226  |g RCR 
942 |c BK